The silkworm (Record no. 529773)

000 -LEADER
fixed length control field 02819cim a2200601 a 4500
001 - CONTROL NUMBER
control field 18867443
003 - CONTROL NUMBER IDENTIFIER
control field NUST
005 - DATE AND TIME OF LATEST TRANSACTION
control field 20191003103958.0
007 - PHYSICAL DESCRIPTION FIXED FIELD--GENERAL INFORMATION
fixed length control field sd fsngnnmmned
008 - FIXED-LENGTH DATA ELEMENTS--GENERAL INFORMATION
fixed length control field 151120s2014 nyunnn| f | eng d
010 ## - LIBRARY OF CONGRESS CONTROL NUMBER
LC control number 2015629759
020 ## - INTERNATIONAL STANDARD BOOK NUMBER
International Standard Book Number 1478929634
020 ## - INTERNATIONAL STANDARD BOOK NUMBER
International Standard Book Number 9781478903994
020 ## - INTERNATIONAL STANDARD BOOK NUMBER
International Standard Book Number 1478903996
028 02 - PUBLISHER NUMBER
Publisher number 2-X8090
Source Hachette Audio
035 ## - SYSTEM CONTROL NUMBER
System control number (OCoLC)ocn875393707
038 ## - RECORD CONTENT LICENSOR
Staff Name waseem
040 ## - CATALOGING SOURCE
Original cataloging agency TOH
Language of cataloging eng
Transcribing agency TOH
Modifying agency BTCTA
-- WIM
-- TEF
-- JP3
-- GO3
-- UPZ
-- LD4
-- ZGH
-- OCLCF
-- IBI
-- INR
-- OCL
-- MNM
-- TEFMT
-- OCL
-- OCLCO
-- DLC
042 ## - AUTHENTICATION CODE
Authentication code lccopycat
043 ## - GEOGRAPHIC AREA CODE
Geographic area code e-uk-en
050 00 - LIBRARY OF CONGRESS CALL NUMBER
Classification number SDC 59282
082 04 - DEWEY DECIMAL CLASSIFICATION NUMBER
Classification number 823.914
Author Mark GAL
100 1# - MAIN ENTRY--PERSONAL NAME
Personal name Galbraith, Robert.
9 (RLIN) 22547
245 14 - TITLE STATEMENT
Title The silkworm
Medium [sound recording] /
Statement of responsibility, etc. Robert Galbraith.
246 3# - VARYING FORM OF TITLE
Title proper/short title Silk worm
260 ## - PUBLICATION, DISTRIBUTION, ETC.
Place of publication, distribution, etc. New York :
Name of publisher, distributor, etc. Hachette Audio,
Date of publication, distribution, etc. p2014.
300 ## - PHYSICAL DESCRIPTION
Extent 14 sound discs (17 hrs., 30 min.) :
Other physical details digital ;
Dimensions 4 3/4 in.
306 ## - PLAYING TIME
Playing time 173000
490 1# - SERIES STATEMENT
Series statement Cormoran Strike novel
500 ## - GENERAL NOTE
General note Unabridged.
500 ## - GENERAL NOTE
General note Compact disc.
511 0# - PARTICIPANT OR PERFORMER NOTE
Participant or performer note Reading by Robert Glenister of the 2014 book.
520 ## - SUMMARY, ETC.
Summary, etc. When novelist Owen Quine goes missing, his wife calls in private detective Cormoran Strike. Quine has just completed a manuscript featuring poisonous pen-portraits of almost everyone he knows. If the novel were to be published, it would ruin lives. That means that there are a lot of people who might want him silenced. When Quine is found brutally murdered, it becomes a race against time to understand the motivation of a ruthless killer, a killer unlike any Strike has encountered before.
650 #0 - SUBJECT ADDED ENTRY--TOPICAL TERM
Topical term or geographic name entry element Private investigators
Geographic subdivision England
Form subdivision Fiction.
9 (RLIN) 11838
650 #0 - SUBJECT ADDED ENTRY--TOPICAL TERM
Topical term or geographic name entry element Missing persons
Form subdivision Fiction.
9 (RLIN) 7574
650 #0 - SUBJECT ADDED ENTRY--TOPICAL TERM
Topical term or geographic name entry element Murder
General subdivision Investigation
Geographic subdivision England
Form subdivision Fiction.
9 (RLIN) 22548
650 #0 - SUBJECT ADDED ENTRY--TOPICAL TERM
Topical term or geographic name entry element Detective and mystery stories.
9 (RLIN) 8228
650 #7 - SUBJECT ADDED ENTRY--TOPICAL TERM
Topical term or geographic name entry element Detective and mystery stories.
Source of heading or term fast
Authority record control number or standard number (OCoLC)fst00891461
9 (RLIN) 8228
650 #7 - SUBJECT ADDED ENTRY--TOPICAL TERM
Topical term or geographic name entry element Missing persons.
Source of heading or term fast
Authority record control number or standard number (OCoLC)fst01023702
9 (RLIN) 22549
650 #7 - SUBJECT ADDED ENTRY--TOPICAL TERM
Topical term or geographic name entry element Murder
General subdivision Investigation.
Source of heading or term fast
Authority record control number or standard number (OCoLC)fst01029788
9 (RLIN) 22540
650 #7 - SUBJECT ADDED ENTRY--TOPICAL TERM
Topical term or geographic name entry element Private investigators.
Source of heading or term fast
Authority record control number or standard number (OCoLC)fst01077503
9 (RLIN) 22550
651 #7 - SUBJECT ADDED ENTRY--GEOGRAPHIC NAME
Geographic name England.
Source of heading or term fast
Authority record control number or standard number (OCoLC)fst01219920
9 (RLIN) 22551
655 #7 - INDEX TERM--GENRE/FORM
Genre/form data or focus term Audiobooks.
Source of term fast
Authority record control number (OCoLC)fst01726208
9 (RLIN) 22543
655 #7 - INDEX TERM--GENRE/FORM
Genre/form data or focus term Fiction.
Source of term fast
Authority record control number (OCoLC)fst01423787
9 (RLIN) 14229
655 #7 - INDEX TERM--GENRE/FORM
Genre/form data or focus term Mystery fiction.
Source of term gsafd
9 (RLIN) 5621
655 #7 - INDEX TERM--GENRE/FORM
Genre/form data or focus term Audiobooks.
Source of term lcgft
9 (RLIN) 22543
800 1# - SERIES ADDED ENTRY--PERSONAL NAME
Personal name Galbraith, Robert.
Title of a work Cormoran Strike novel.
Version Spoken word.
9 (RLIN) 22552
856 42 - ELECTRONIC LOCATION AND ACCESS
Materials specified Contributor biographical information
Uniform Resource Identifier <a href="http://www.loc.gov/catdir/enhancements/fy1606/2015629759-b.html">http://www.loc.gov/catdir/enhancements/fy1606/2015629759-b.html</a>
856 42 - ELECTRONIC LOCATION AND ACCESS
Materials specified Publisher description
Uniform Resource Identifier <a href="http://www.loc.gov/catdir/enhancements/fy1606/2015629759-d.html">http://www.loc.gov/catdir/enhancements/fy1606/2015629759-d.html</a>
906 ## - LOCAL DATA ELEMENT F, LDF (RLIN)
a 7
b cbc
c copycat
d 2
e ncip
f 20
g y-soundrec
942 ## - ADDED ENTRY ELEMENTS (KOHA)
Source of classification or shelving scheme
Koha item type Book
Holdings
Withdrawn status Lost status Source of classification or shelving scheme Damaged status Not for loan Permanent Location Current Location Shelving location Date acquired Source of acquisition Total Checkouts Total Renewals Full call number Barcode Date last seen Date last checked out Price effective from Koha item type
          Central Library (CL) Central Library (CL) Fiction 10/03/2019 Donation 1 4 823.914 GAL CL-D-582 09/04/2024 08/24/2022 10/03/2019 Book
© 2023 Central Library, National University of Sciences and Technology. All Rights Reserved.